000 00409pab a2200157 454500
008 180718b2002 xxu||||| |||| 00| 0 eng d
100 _aNath, Devendra
245 _aJoint forest management programme in Maharashtra
260 _c2002
300 _ap.1-5.
362 _aJan-Mar
650 _aForest management - India - Maharashtra
650 _aForest management
773 _aAshwattha
909 _a53764
999 _c53764
_d53764